00393nam a2200157Ia 4500008004100000082001500041100002200056245003100078260000800109260000600117300000600123600002200129630003100151700002200182730003100204151202s9999||||xx |||||||||||||| ||und|| bPNVM-22934 aHITCHCOCK ALFRED. aOnce upon a dreadful time. b--- c0 a0 aHITCHCOCK ALFRED. aOnce upon a dreadful time. aHITCHCOCK ALFRED. aOnce upon a dreadful time.